000 00496nam a2200157 4500
001 138791
003 ES-MaACL
005 20230906195634.0
007 t|
008 070214s1958 sp r ||||1| spa d
100 1 _aSanz y Ruiz de la Peña, Nicomedes.
_9103697
245 1 0 _aCartel de otoño
_b: poemas : 1941-1957 /
_cNicomedes Sanz y Ruiz de la Peña.
260 _aValladolid :
_b[s.n.],
_c1958 (
_fTalls.Gráf. Ceres)
300 _a181 p. ;
_c17 cm.
852 _aES-MaACL
_jC-15978
_bR.42657
999 _c138791
_d138791